|
|
|
|
| LEADER |
02431nam a2200457 a 4500 |
| 001 |
mzk03001037099 |
| 003 |
CZ BrMZK |
| 005 |
20100812133434.0 |
| 007 |
ta |
| 008 |
060615s1670 fr ai fr|||||00| ||latod |
| 040 |
|
|
|a BOA001
|b cze
|
| 041 |
0 |
|
|a lat
|a grc
|
| 072 |
|
7 |
|a 094
|x Staré tisky
|2 Konspekt
|9 12
|
| 080 |
|
|
|a (0.068)094
|2 MRF
|
| 100 |
1 |
|
|a Kinnamos, Iōannes,
|d asi 1143-asi 1203
|7 mzk2010591811
|4 aut
|
| 245 |
1 |
0 |
|a Ioannou Kinnamou basilikou prammatikou Historion logoi ex. Joannis Cinnami imperatorii grammatici Historiarum Libri Sex, sev De rebvs gestis a Joanne et Manuele Comnenis Impp. CP. /
|c Accedunt Caroli Dv Fresne, D. Dv Cange, Regi a Consiliis, & Franciae apud Ambianos Quaestoris, in Nicephori Bryennii Caesaris, Annae Comnenae Caesarissae, & ejusdem Joannis Cinnami Historiam Comnenicam Notae Historicae & Philologicae. His adivngitvr Pauli Silentiarii Descriptio sanctae Sophiae, quae nunc primum prodit Graece & Latinae, cum vberiori commentario
|
| 246 |
3 |
1 |
|a Corpus Byzantinae Historiae
|
| 260 |
|
|
|a Parisiis :
|b E Typographia Regia ;
|a Parisiis :
|b E Typographia Regia, cvrante Sebastiano Mabre-Cramoisy, eiusdem Typographiae Directore,
|c 1670
|
| 300 |
|
|
|a [22], 602, [31] s. ;
|c 2°
|
| 500 |
|
|
|a Výzdoba: Předtitul, nad impresem mědirytinový Francouzský znak, mědirytiny v textu (včetně znaku dedikanta a mapy Konstantinopole), ozdobné linky z typografických ozdob, text tištěn dvousloupcově
|
| 510 |
3 |
|
|a BNF
|
| 510 |
3 |
|
|a ICCU
|
| 546 |
|
|
|a Souběžný latinský a řecký text
|
| 561 |
|
|
|a Provenience: [mědirytinové erbovní exlibris] Peter Foulkes D. D. Canon of Christ Church Oxon. 1724
|
| 563 |
|
|
|a Původní kožená vazba se zlaceným hřbetem
|
| 590 |
|
|
|a Chyby v paginaci
|
| 655 |
|
7 |
|a staré tisky
|7 fd422076
|2 czenas
|
| 700 |
0 |
|
|a Paulus Silentiarius,
|d činný 6. století
|7 mzk2010591835
|4 aut
|
| 700 |
1 |
|
|a Du Cange, Charles Du Fresne,
|d 1610-1688
|7 mzk2003197690
|4 aut
|
| 700 |
1 |
|
|a Nikeforos Bryennios
|4 aut
|
| 700 |
1 |
|
|a Komnéné, Anna,
|d 1085-1148
|7 skuk0000701
|4 aut
|
| 903 |
|
|
|a RP
|
| 910 |
|
|
|a BOA001
|b ST4-0153.963,17
|
| 978 |
|
|
|b Tiskárna královská
|a Paris
|c 1670
|
| 978 |
|
|
|b Mabre-Cramoisy, Sébastien
|a Paris
|c 1670
|
| 984 |
|
|
|a Paříž
|b Francie
|
| 985 |
|
|
|a 1651-1700
|
| 990 |
|
|
|a BK
|
| 993 |
|
|
|a Y
|
| 991 |
|
|
|k mzk
|
| 996 |
6 |
|
|b 2619315346
|c ST4-0153.963,17
|l stud. ST
|r Sklad / do násl. otevíracího dne
|n 0
|w 001037513
|u 000010
|a 1
|e BOA001
|s P
|